[Event "CHN-chT"]
[Site "Hangzhou"]
[Date "2023.05.22"]
[Round "4.4"]
[White "Liu, Bei"]
[Black "Zhu, Hengyi"]
[Result "0-1"]
[WhiteElo "1962"]
[BlackElo "2245"]
[PlyCount "90"]
[EventDate "2023.05.19"]
[EventType "team-swiss"]
[EventRounds "9"]
[EventCountry "CHN"]
[SourceTitle "CBM 214 Extra"]
[Source "ChessBase"]
[SourceDate "2023.07.31"]
[SourceVersion "1"]
[SourceVersionDate "2023.07.31"]
[SourceQuality "1"]
[WhiteTeam "Qingdao"]
[BlackTeam "Hangzhou"]
[WhiteTeamCountry "CHN"]
[BlackTeamCountry "CHN"]

1. e4 e6 2. d4 d5 3. e5 c5 4. c3 Nc6 5. Nf3 Qb6 6. a3 Nh6 7. Bd3 cxd4 8. cxd4 Bd7 9. Bc2 Nf5 10. Bxf5 exf5 11. Nc3 Be6 12. b4 h6 13. h4 Be7 14. Qd3 0-0 15. Bd2 Rfc8 16. 0-0 Qd8 17. g3 Qd7 18. Rfc1 a6 19. Be3 Na7 20. Qd1 a5 21. bxa5 Qd8 22. Bd2 Nc6 23. Nb5 Nxa5 24. Rxc8 Rxc8 25. Nd6 Bxd6 26. exd6 Nc4 27. Bf4 Nxd6 28. Qb3 b6 29. Bxd6 Qxd6 30. Rb1 f4 31. Qxb6 Qxa3 32. Qb3 Rc3 33. Qxa3 Rxa3 34. Kg2 Bf5 35. Rb8+ Kh7 36. Ne5 f6 37. Nc6 Be4+ 38. Kh3 Ra2 39. gxf4 Rxf2 40. Ne7 Rf3+ 41. Kh2 Rxf4 42. Rd8 Rxh4+ 43. Kg3 Rh5 44. Rd7 Rg5+ 45. Kh2 Rg2+ 0-1

[Event "CHN-chT"]
[Site "Nanjing"]
[Date "2023.02.22"]
[Round "9.1"]
[White "Li, Chao B"]
[Black "Liu, Bei"]
[Result "1-0"]
[WhiteElo "2672"]
[BlackElo "1966"]
[PlyCount "89"]
[EventDate "2023.02.14"]
[EventType "team-swiss"]
[EventRounds "9"]
[EventCountry "CHN"]
[SourceTitle "CBM 212 Extra"]
[Source "ChessBase"]
[SourceDate "2023.03.31"]
[SourceVersion "1"]
[SourceVersionDate "2023.03.31"]
[SourceQuality "1"]
[WhiteTeam "Beijing"]
[BlackTeam "Qingdao"]
[WhiteTeamCountry "CHN"]
[BlackTeamCountry "CHN"]

1. e4 c5 2. Nc3 d6 3. d4 cxd4 4. Qxd4 Nc6 5. Qd2 g6 6. b3 Bh6 7. f4 e5 8. Nb5 Bxf4 9. Qxd6 Qxd6 10. Nxd6+ Kf8 11. Ba3 Nge7 12. Nf3 Kg7 13. Bc4 f6 14. Rd1 Rd8 15. Ke2 a6 16. g3 Bh6 17. c3 f5 18. exf5 Nxf5 19. Nxc8 Raxc8 20. Be6 e4 21. Bxc8 exf3+ 22. Kxf3 Rxc8 23. Rd7+ Kf6 24. Rxb7 Ne5+ 25. Ke4 Rc6 26. Rf1 Re6 27. Be7+ Rxe7 28. Rxe7 Kxe7 29. Kxe5 Bg7+ 30. Ke4 Bxc3 31. Rc1 Bb4 32. Rc7+ Ke6 33. Rxh7 a5 34. g4 Nd6+ 35. Kd4 Nb5+ 36. Kd3 g5 37. Rh5 Be7 38. h4 Nc7 39. hxg5 Nd5 40. Kc4 Ne3+ 41. Kb5 Bd8 42. g6 Kf6 43. Re5 Nxg4 44. Re8 Be7 45. g7 1-0

[Event "CHN-chT"]
[Site "Nanjing"]
[Date "2023.02.20"]
[Round "7.1"]
[White "Wu, Yixing"]
[Black "Liu, Bei"]
[Result "1-0"]
[WhiteElo "1954"]
[BlackElo "1966"]
[PlyCount "57"]
[EventDate "2023.02.14"]
[EventType "team-swiss"]
[EventRounds "9"]
[EventCountry "CHN"]
[SourceTitle "CBM 212 Extra"]
[Source "ChessBase"]
[SourceDate "2023.03.31"]
[SourceVersion "1"]
[SourceVersionDate "2023.03.31"]
[SourceQuality "1"]
[WhiteTeam "Shenzhen"]
[BlackTeam "Qingdao"]
[WhiteTeamCountry "CHN"]
[BlackTeamCountry "CHN"]

1. d4 d5 2. c4 c6 3. Nf3 Nf6 4. Qc2 e6 5. g3 Bb4+ 6. Nbd2 0-0 7. Bg2 Ne4 8. 0-0 f5 9. Ne5 Nd7 10. cxd5 Nxe5 11. Nxe4 fxe4 12. dxe5 exd5 13. Qb3 Qe7 14. Bxe4 Qxe5 15. Bg2 Bc5 16. e4 Be6 17. Bf4 Qh5 18. Qxb7 Rac8 19. exd5 Bxd5 20. Rac1 Bxg2 21. Kxg2 Qf5 22. Kg1 Bd4 23. Rxc6 Rxc6 24. Qxc6 Bxb2 25. Be3 a5 26. Rd1 Rc8 27. Qb7 Qg4 28. Qd5+ Kf8 29. Bc5+ 1-0